000 00426nam a2200157Ia 4500
008 151021s9999 xx 000 0 und d
020 _a71438327
050 _aRC 71 .A14 1994
245 _a_Curent essentials of medicine Lawrence M Tierney
260 _aUSA mcGraw hill 1994
300 _ax,580p
500 _aIncludes index
650 _a_Medicine
700 _a_Sanjay Saint
980 _a^d20110706 04:39:44^okorir
999 _c7487
_d7487